El realismo metódico
Guardat en:
| Autor principal: | |
|---|---|
| Format: | Llibre |
| Idioma: | espanyol |
| Publicat: |
Madrid
Ediciones Rialp
1974
|
| Edició: | 4a. ed |
| Col·lecció: | Naturaleza e Historia
|
| Matèries: | |
| Etiquetes: |
Afegir etiqueta
Sense etiquetes, Sigues el primer a etiquetar aquest registre!
|
MARC
| LEADER | 00000cam a2200000 a 4500 | ||
|---|---|---|---|
| 001 | UCE8201 | ||
| 003 | CL-VaPUC | ||
| 008 | 150728e19740000sp |||||||||||||||||spa|d | ||
| 020 | |a 8432116750 | ||
| 082 | 0 | 4 | |a 149.2 |b GIL |2 21 |
| 100 | |a Gilson, Etienne |e texte et commentaire |9 349168 | ||
| 245 | 1 | 3 | |a El realismo metódico |
| 250 | |a 4a. ed | ||
| 300 | |a 189 p | ||
| 942 | |c BK | ||
| 945 | |d 20150728 02:04:00 |a gsalatino | ||
| 260 | |a Madrid |b Ediciones Rialp |c 1974 | ||
| 650 | 0 | |a Realismo |9 259117 | |
| 650 | 0 | |a Tomismo |9 259214 | |
| 583 | |a last modification |c 20150728 02:04:00 |k Rodrigo Vera | ||
| 490 | 0 | |a Naturaleza e Historia | |
| 999 | |c 360140 |d 360138 | ||
| 952 | |0 0 |1 0 |3 erb |4 0 |6 149_200000000000000_GIL_1974 |7 0 |8 A |9 469784 |a BIBEDU |b BIBEDU |e Villagrán Garnham, Jorge |i 518696K |o 149.2 GIL 1974 |p 518696K |r 2021-11-29 |w 2019-11-23 |y BK |z Catalogado en:20150728 |k FIL | ||